| 000 | nam a22 7a 4500 | ||
|---|---|---|---|
| 999 |
_c126694 _d126694 |
||
| 008 | 170821b xxu||||| |||| 00| 0 eng d | ||
| 050 | _aHN37.C3.L866 | ||
| 100 |
_aLourdusamy, Stan _934895 |
||
| 245 |
_aChurch and social justice _c/ Stan Lourdusamy |
||
| 260 |
_aBangalore _bCentre for Social Action _c1979 |
||
| 300 |
_a74p. _c21cm. |
||
| 650 |
_aSociology, Christian (Catholic church) _934896 |
||
| 942 |
_2lcc _cMONOGRAPH |
||